| 000 | 01288cam a22003374a 4500 | ||
|---|---|---|---|
| 001 | 103518 | ||
| 005 | 20230410123438.0 | ||
| 008 | 030515s2003 nyu 000 0 eng | ||
| 035 | _a13199302 | ||
| 010 | _a 2003011388 | ||
| 020 | _a1581312229 | ||
| 040 |
_aDLC _cDLC _dDLC |
||
| 050 | 1 | 4 |
_aKF 299 _bK88v 2003 |
| 082 | 0 | 0 | _a346.73066023 |
| 100 | 1 | _aKouri, Zahie El. | |
| 245 | 1 | 0 |
_aVault guide to corporate law careers / _cZahie El Kouri and the staff of Vault. |
| 246 | 3 | 0 | _aGuide to corporate law careers. |
| 246 | 3 | 0 | _aCorporate law careers. |
| 260 |
_aNew York : _bVault Inc., _cc2003. |
||
| 300 |
_axi, 167 p. ; _c23 cm. |
||
| 505 | 0 | _aThe scoop -- Corporate law basics -- The corporate lawyer -- Getting hired : law school -- The hiring process -- Leading employers and recruiters -- The work -- The life -- Moving up and on : partnership and lateral moves -- Beyond the law firm. | |
| 650 | 4 | _aPrimera Jornada de Catalogacion. | |
| 650 | 0 |
_aCorporate lawyers _zUnited States. |
|
| 650 | 0 |
_aLaw _xVocational guidance _zUnited States. |
|
| 650 | 4 |
_aEnseƱanza vocacional _zEstados Unidos. |
|
| 650 | 4 | _aLeyes. | |
| 710 | 1 | _aVault (Firm) | |
| 942 |
_2lcc _cbk |
||
| 946 | _aFHM | ||
| 856 | 4 | 1 |
_3Table of contents _uhttp://www.loc.gov/catdir/toc/ecip044/2003011388.html |
| 999 |
_c61577 _d61577 |
||